la Galatea

Salvato in:
Dettagli Bibliografici
Autore principale: Cervantes Saavedra, Miguel de
Natura: Libro
Lingua:Undetermined
Pubblicazione: Madrid, España Bergua 1934
Soggetti:
Tags: Aggiungi Tag
Nessun Tag, puoi essere il primo ad aggiungerne!!

MARC

LEADER 00000nam a2200000Ia 4500
008 170316s9999 xx 000 0 und d
040 |a cru BVZT 
090 |a 862 C-37g 
100 |a Cervantes Saavedra, Miguel de 
245 |a la Galatea 
260 |a Madrid, España 
260 |b Bergua 
260 |c 1934 
300 |a 527 páginas 
650 |a LITERATURA ESPAÑOLA 
999 |c 9700  |d 9700 
942 |c 15 D  |h 862 C-37g  |2 z